La educación judía en la Ilustración (notice n° 1729767)
[ vue normale ]
| 000 -LEADER | |
|---|---|
| fixed length control field | 01233cam a2200157 4500500 |
| 005 - DATE AND TIME OF LATEST TRANSACTION | |
| control field | 20260322003156.0 |
| 041 ## - LANGUAGE CODE | |
| Language code of text/sound track or separate title | fre |
| 042 ## - AUTHENTICATION CODE | |
| Authentication code | dc |
| 100 10 - MAIN ENTRY--PERSONAL NAME | |
| Personal name | Strauss, Ze’ev |
| Relator term | author |
| 245 00 - TITLE STATEMENT | |
| Title | La educación judía en la Ilustración |
| 260 ## - PUBLICATION, DISTRIBUTION, ETC. | |
| Date of publication, distribution, etc. | 2025.<br/> |
| 500 ## - GENERAL NOTE | |
| General note | 52 |
| 520 ## - SUMMARY, ETC. | |
| Summary, etc. | Este artículo examina las perspectivas pedagógicas y exegéticas de Mendelssohn y Friedländer dentro del pensamiento de la Ilustración judía, destacando la proximidad de sus planteamientos sobre las fuentes bíblicas y rabínicas. Tomando como punto de partida el comentario de Mendelssohn sobre el Libro del Eclesiastés y su traducción al alemán de Friedländer, el artículo muestra cómo sus obras buscan promover una conciencia dialéctica y ética universal en los jóvenes judíos que se alinee con los ideales de la Ilustración. También se explora la lectura selectiva de Friedländer de las fuentes rabínicas para abogar por la emancipación judía, especialmente en lo que respecta al papel de la mujer en la tradición. |
| 786 0# - DATA SOURCE ENTRY | |
| Note | Archives de philosophie | 88 | 3 | 2025-07-11 | p. 111-135 | 0003-9632 |
| 856 41 - ELECTRONIC LOCATION AND ACCESS | |
| Uniform Resource Identifier | <a href="https://shs.cairn.info/revista-archives-de-philosophie-2025-3-page-111?lang=es&redirect-ssocas=7080">https://shs.cairn.info/revista-archives-de-philosophie-2025-3-page-111?lang=es&redirect-ssocas=7080</a> |
Pas d'exemplaire disponible.




Réseaux sociaux